| 000 | 00621nam a2200241Ia 4500 | ||
|---|---|---|---|
| 008 | 210210b2016 xxu||||| |||| 00| 0 eng d | ||
| 041 | _aeng | ||
| 082 | _a398.2K HART | ||
| 100 | _aHARISH ALVA (Em Ji) | ||
| 245 | _aTuluvara krishi aradhana samskrithi: pookare acharane mattu samaja vyavasthe | ||
| 260 |
_aMangaluru _bKarnataka Tulu Sahitya Academy _c2016 |
||
| 300 | _a80 | ||
| 650 | _avyavasthe | ||
| 650 | _aTuluvara | ||
| 650 | _asamskrithi:pookare | ||
| 650 | _asamaja | ||
| 650 | _amattu | ||
| 650 | _akrishi | ||
| 650 | _aaradhana | ||
| 650 | _aacharane | ||
| 690 | _aFolklore | ||
| 906 | _a071482 | ||
| 999 |
_c121255 _d121255 |
||